000 00547nam a2200169 i 4500
001 23045
003 ES-MaACL
005 20230906152815.0
007 t|
008 021205s1962 sp ||||1| spa d
100 1 _aAlvarez Villar, Alfonso.
_920998
245 1 0 _aFilosofía del arte /
_cA. Alvarez Villar ; prólogo por José Mª Sánchez de Muniain.
260 _aMadrid :
_bMorata,
_c[1962]
300 _a142 p., 4 lám. :
_bil. ;
_c21 cm.
700 1 _aSánchez de Muniain y Gil, José María.
_9102590
852 _aES-MaACL
_jC-20454
_bR.48919
999 _c23045
_d23045